000 00609nam a2200241Ia 4500
003 OSt
005 20221007082422.0
006 a|||||r|||| 00| 0
007 ta
008 221006b |||||||| |||| 00| 0 eng d
024 _a14,561
037 _cReports / Technical Reports
040 _aFLL
_cFLL
_beng
041 _2eng
_aeng
082 _aX:545.2.N8, M0
110 _aGovt. of india
245 0 _aExport policy 1980-81
260 _c1980
300 _a95p
_ccm.
700 _aGovt. of india
942 _hX:545.2.N8, M0
_cREP
_2CC
999 _c1166355
_d1166355